Understanding and appreciating literary arts / (Record no. 10202)

MARC details
000 -LEADER
fixed length control field 00999nam a22002777i 4500
003 - CONTROL NUMBER IDENTIFIER
control field URS
005 - DATE AND TIME OF LATEST TRANSACTION
control field 20250120174445.0
008 - FIXED-LENGTH DATA ELEMENTS--GENERAL INFORMATION
fixed length control field 160930b xxu||||| |||| 00| 0 eng d
020 ## - INTERNATIONAL STANDARD BOOK NUMBER
International Standard Book Number 978-971-0445-394
040 ## - CATALOGING SOURCE
Description conventions rda
Transcribing agency URS
Language of cataloging Engish
050 ## - LIBRARY OF CONGRESS CALL NUMBER
Classification number PN6014
Item number .V233 2008
100 ## - MAIN ENTRY--PERSONAL NAME
Personal name Valdez, Suzette T.,
Relator term author.
245 ## - TITLE STATEMENT
Title Understanding and appreciating literary arts /
Statement of responsibility, etc Suzette T. Valdez, Debbie F. Dianco.
264 #1 - PUBLICATION, DISTRIBUTION, ETC. (IMPRINT)
Place of publication, distribution, etc Intramuros, Manila :
Name of publisher, distributor, etc Mindshapers Company, Incorporated,
Date of publication, distribution, etc ©2008.
300 ## - PHYSICAL DESCRIPTION
Extent xiii, 432 pages ;
Dimensions 25 cm.
336 ## - CONTENT TYPE
Content type term text
Content type code txt
Source rdacontent
337 ## - MEDIA TYPE
Media type term unmediated
Media type code n
Source rdamedia
338 ## - CARRIER TYPE
Carrier type term volume
Carrier type code nc
Source rdacarrier
504 ## - BIBLIOGRAPHY, ETC. NOTE
Bibliography, etc Includes bibliographical references.
650 #0 - SUBJECT ADDED ENTRY--TOPICAL TERM
Topical term or geographic name as entry element Literature --
Form subdivision Collections composition and exercises.
650 #0 - SUBJECT ADDED ENTRY--TOPICAL TERM
Topical term or geographic name as entry element Literature --
Form subdivision Collections -- Textbooks.
650 #0 - SUBJECT ADDED ENTRY--TOPICAL TERM
Topical term or geographic name as entry element Literature --
Form subdivision Study and teaching (Higher).
700 ## - ADDED ENTRY--PERSONAL NAME
Personal name Dianco, Debbie F.,
Relator term author.
700 ## - ADDED ENTRY--PERSONAL NAME
Personal name Nielo, Marilyn G.,
Relator term consultant.
942 ## - ADDED ENTRY ELEMENTS (KOHA)
Source of classification or shelving scheme Library of Congress Classification
Koha item type Filipiniana
Holdings
Withdrawn status Lost status Source of classification or shelving scheme Damaged status Not for loan Collection code Home library Current library Shelving location Date acquired Source of acquisition Total Checkouts Full call number Barcode Date last seen Copy number Koha item type Total Renewals Date checked out
    Library of Congress Classification     Non-fiction Taytay College Library Taytay College Library Filipiniana Section 11/10/2009 Purchased   PN6014 .V233 2008 URSTAY-2413 09/30/2016 1 Filipiniana    
    Library of Congress Classification     Non-fiction Taytay College Library Taytay College Library Filipiniana Section 01/20/2025 Purchased 2 PN6014 .V233 2008 URSTAY-2414 06/03/2025 2 Filipiniana 33 08/30/2023
    Library of Congress Classification     Non-fiction Taytay College Library Taytay College Library Filipiniana Section 11/10/2009 Purchased   PN6014 .V233 2008 URSTAY-2415 06/03/2025 3 Filipiniana    
    Library of Congress Classification     Non-fiction Taytay College Library Taytay College Library Filipiniana Section 11/10/2009 Purchased   PN6014 .V233 2008 URSTAY-2416 06/03/2025 4 Filipiniana    
    Library of Congress Classification     Non-fiction Taytay College Library Taytay College Library Filipiniana Section 11/10/2009 Purchased   PN6014 .V233 2008 URSTAY-2417 06/03/2025 5 Filipiniana    

University of Rizal System
Email us at univlibservices@urs.edu.ph

Visit our Website www.urs.edu.ph/library